Sports Quiz

Random Sports Quiz

Arsenal v Liverpool 2001 FA Cup final line-ups Quiz Stats

 Plays Quiz not verified by Sporcle

Score 0/28 Timer 05:00
1 Play Today
Club Player % Correct
ArsenalThierry Henry
95%
LiverpoolMichael Owen
94%
ArsenalDavid Seaman
93%
LiverpoolSteven Gerrard
91.4%
ArsenalPatrick Vieira
87.7%
ArsenalTony Adams
86.5%
ArsenalRobert Pires
84.9%
ArsenalDennis Bergkamp
82.4%
LiverpoolRobbie Fowler
79.6%
LiverpoolJamie Carragher
79.3%
ArsenalAshley Cole
76.6%
LiverpoolSami Hyypia
76.3%
ArsenalMartin Keown
76%
ArsenalLee Dixon
71.6%
Club Player % Correct
ArsenalFreddie Ljungberg
67.9%
ArsenalRay Parlour
67.2%
LiverpoolEmile Heskey
65.6%
ArsenalSylvain Wiltord
64.2%
LiverpoolStephane Henchoz
53.7%
LiverpoolSander Westerveld
53.3%
LiverpoolDietmar Hamann
48.4%
LiverpoolDanny Murphy
44.2%
LiverpoolVladimir Smicer
43.9%
ArsenalNwankwo Kanu
42.3%
LiverpoolPatrik Berger
41.1%
LiverpoolGary McAllister
40.5%
LiverpoolMarkus Babbel
34.3%
ArsenalGilles Grimandi
16.9%

You're not logged in!

Compare scores with friends on all Sporcle quizzes.
OR
Log In

Sporcle TV

Today on Sporcle TV


Watch our educational content, quiz creation guides, and fun videos on Sporcle TV.

Show Comments

Extras

Top Quizzes Today


Score Distribution

Your Account Isn't Verified!

In order to create a playlist on Sporcle, you need to verify the email address you used during registration. Go to your Sporcle Settings to finish the process.

Report this User

Report this user for behavior that violates our Community Guidelines.

Details: